[Event "Vinkovci"]
[Site "Vinkovci"]
[Date "1993.??.??"]
[Round "5"]
[White "Hulak, Krunoslav"]
[Black "Farago, Ivan"]
[Result "1-0"]
[WhiteElo "2535"]
[BlackElo "2540"]
[Annotator "Belov,I"]
[PlyCount "47"]
[EventDate "1993.12.??"]
[EventType "tourn"]
[EventRounds "11"]
[EventCountry "CRO"]
[EventCategory "10"]
[SourceTitle "CBM 039"]
[Source "ChessBase"]
[SourceDate "1994.04.01"]
[SourceVersion "1"]
[SourceVersionDate "1994.04.01"]
[SourceQuality "1"]

1. d4 Nf6 2. Nf3 e6 3. e3 c5 (3... d5 4. Bd3 Nbd7 5. Nbd2 c5 6. O-O c4 7. Be2
b5 8. c3 Bb7 9. b3 Be7 10. a4 a6 11. Qc2 O-O $10 {Muse,M-Farago,I/Vinkovci/
1993/ 0,5 (22)/}) 4. Bd3 (4. c3 $5 Be7 (4... d5 $5 5. Bd3 Nc6 6. Nbd2 Bd6 7.
O-O O-O $10) 5. Nbd2 cxd4 6. exd4 b6 7. a4 O-O (7... Nc6 $5) 8. a5 bxa5 9. Bd3
Bb7 10. O-O Bd6 11. Nc4 Bc7 12. Bg5 $14 {Kovacevic,V-Lisenko,A/Vinkovci/1993/
1:0 (33)/}) 4... Nc6 (4... b6 5. O-O Bb7 6. c4 $1 Be7 7. Nc3 cxd4 8. exd4 d6 (
8... d5 9. cxd5 Nxd5 10. Ne5 $14) 9. d5 e5 10. Ng5 $1 Nbd7 11. f4 Rc8 12. Qe2
h6 13. Nf3 $14 {Dizdar,G-Lisenko,A/Vinkovci/1993/ 0,5 (22)/}) 5. O-O b6 $6 (
5... Be7 $5 6. c3 b6 7. Nbd2 Bb7 8. a4 Qc7 9. Qe2 O-O $10) (5... d5 6. b3 Bd6
7. Bb2 Qc7 8. c4 dxc4 9. bxc4 Qb6 10. Qc1 Nb4 11. Be2 Bd7 12. Nbd2 $14 {
Dizdar,G-Sax,G/Vinkovci/1993 1:0 (63)/}) 6. c4 $1 Bb7 7. Nc3 cxd4 8. exd4 d5 (
8... Be7 9. d5 exd5 (9... Nb4 10. a3 Nxd3 11. Qxd3 $16) 10. cxd5 Nb4 11. Bc4
Rc8 12. Bb3 $16) 9. Ne5 $5 (9. cxd5 Nxd5 10. Bb5 Nxc3 (10... Be7 $6 11. Ne5 Rc8
12. Qa4 Qc7 13. Nxd5 exd5 14. Re1 $16) 11. bxc3 a6 (11... Be7 $2 12. Ne5 Rc8
13. Qf3 $18) 12. Bd3 $14) 9... dxc4 (9... Nxe5 10. dxe5 Nd7 11. cxd5 exd5 12.
Re1 $16) (9... Nxd4 $2 10. Qa4+ Nd7 11. cxd5 $18) (9... Be7 10. cxd5 Nxd5 (
10... Nxe5 11. dxe5 Nxd5 12. Bb5+ $16) 11. Bb5 Rc8 12. Qa4 $16) 10. Bxc4 Bd6 (
10... Nxe5 $6 11. dxe5 Nd7 (11... Qxd1 12. Rxd1 Nd7 13. Bb5 Rd8 14. Bg5 Be7 15.
Rxd7 $1 Rxd7 16. Rd1 Bxg5 17. Rxd7 $18) 12. Re1 Be7 13. Qg4 $16) (10... Qxd4 $5
11. Qxd4 Nxd4 12. Nb5 Nxb5 (12... Nc2 13. Nc7+ Ke7 14. Nxa8 Nxa1 $13) 13. Bxb5+
Ke7 14. b3 Ne4 (14... Nd5 15. Ba3+ Kf6 16. Bxf8 Rhxf8 17. Nd7+ $16) 15. Ba3+ (
15. Nc6+ Kd7 $1 $13) 15... Nc5 16. Rac1 Kf6 (16... Rc8 17. b4 $16) 17. Ng4+ $44
) 11. Qa4 $16 Rc8 (11... Bxe5 $5 12. dxe5 Nd7) 12. Bb5 Qc7 (12... Bxe5 $5) 13.
Nxc6 (13. Qxa7 $5 O-O 14. Bxc6 (14. Nxc6 $2 Ra8 $19) 14... Bxc6 15. Qxc7 Rxc7
16. Nxc6 Rxc6 17. Be3 Bb4 18. Nb5 $16) 13... Bxc6 14. d5 $1 Nxd5 $6 (14... exd5
$5 15. Re1+ Kf8 16. Bg5 Bxh2+ 17. Kh1 Be5 18. Rac1 $44) 15. Nxd5 exd5 16. Re1+
Kf8 (16... Be7 17. Bg5 f6 18. Rac1 $18) 17. Bd2 $1 a5 $6 (17... Bxb5 18. Qxb5
Qb7 19. Bb4 Bxb4 20. Qxb4+ Rc5 (20... Kg8 21. Re7 Qc6 22. Rxa7 Qc1+ 23. Qe1 $16
) 21. Rac1 Qc7 22. Rc3 $16) 18. Rac1 Bc5 19. a3 f6 (19... Bxb5 20. Qxb5 Qb7 21.
Rxc5 $1 $18) 20. Bxc6 Qxc6 21. Qg4 $5 (21. Qxc6 Rxc6 22. b4 axb4 23. axb4 Kf7
24. bxc5 bxc5 25. Be3 Rhc8 $16) 21... h5 22. Qf5 $18 a4 23. Re6 Qb7 (23... Qd7
24. Rxf6+ $18) 24. Rxb6 $1 1-0

[Event "Plovdiv"]
[Site "Plovdiv"]
[Date "1986.??.??"]
[Round "7"]
[White "Barbero, Gerardo F"]
[Black "Georgiev, Kiril"]
[Result "0-1"]
[WhiteElo "2520"]
[BlackElo "2545"]
[Annotator "Bulletin"]
[PlyCount "60"]
[EventDate "1986.06.24"]
[EventType "tourn"]
[EventRounds "11"]
[EventCountry "BUL"]
[EventCategory "10"]
[SourceTitle "EXT 2000"]
[Source "ChessBase"]
[SourceDate "1999.11.16"]
[SourceVersion "1"]
[SourceVersionDate "1999.11.16"]
[SourceQuality "1"]

1. d4 Nf6 2. c4 e6 3. Nf3 d5 4. Nc3 Be7 5. e3 O-O 6. Bd3 b6 7. O-O Bb7 8. b3 c5
9. Bb2 cxd4 $1 10. exd4 Nc6 11. Re1 Rc8 12. Qe2 $2 (12. Rc1 $142) 12... Nb4 13.
Bb1 dxc4 14. bxc4 Bxf3 15. gxf3 Qxd4 16. Nd5 Qc5 17. Nxe7+ (17. Bxf6 gxf6 $15)
17... Qxe7 18. Kh1 Rfd8 19. Rg1 Kf8 20. Bxh7 Nxh7 21. Rxg7 Nf6 22. Rag1 Nd3 23.
Bc3 e5 24. Bd2 Qe6 25. Bh6 Ke8 26. Bg5 Rd4 27. Qe3 Rcxc4 28. Bxf6 Qxf6 29. Rg8+
Ke7 30. Ra8 Rd7 0-1

[Event "Bugojno"]
[Site "Bugojno"]
[Date "1978.03.10"]
[Round "11"]
[White "Huebner, Robert"]
[Black "Miles, Anthony John"]
[Result "1/2-1/2"]
[WhiteElo "2595"]
[BlackElo "2565"]
[Annotator "Bulletin"]
[PlyCount "82"]
[EventDate "1978.02.27"]
[EventType "tourn"]
[EventRounds "15"]
[EventCountry "YUG"]
[EventCategory "14"]
[SourceTitle "MCL"]
[Source "ChessBase"]
[SourceDate "1999.07.01"]
[SourceVersion "1"]
[SourceVersionDate "1999.07.01"]
[SourceQuality "1"]

1. c4 b6 2. d4 e6 3. Nf3 Nf6 4. e3 Bb7 5. Bd3 Ne4 $6 6. Nc3 (6. O-O f5 7. Nfd2
$1 Be7 8. Nc3 Nxc3 9. bxc3 O-O 10. e4 c5 11. exf5 exf5 12. d5 $16 {
Simagin-Goldenov, USSR-ch 1952}) 6... f5 7. Bxe4 fxe4 8. Nd2 Bb4 (8... Qg5 9.
O-O $16) 9. Qh5+ (9. Qg4) 9... g6 10. Qg4 Bxc3 11. bxc3 Qf6 12. Nxe4 Qf5 13. f3
Bxe4 14. Qxe4 Qxe4 15. fxe4 e5 {/\..c5, ..d6, ..Nc6} 16. a4 {/\a5} Nc6 17. Ba3
(17. Ke2 Na5 18. Kd3 c5) 17... Na5 18. c5 bxc5 19. Ke2 $5 (19. Bxc5 Nb3 20. Rb1
Nxc5 21. dxc5 Ke7 $13) 19... Nc4 20. Rhb1 (20. Bxc5 d6 21. Kd3 Nb2+ 22. Kc2 Nc4
) 20... Nd6 $1 21. dxe5 Nxe4 22. Kd3 Nf2+ 23. Ke2 Ne4 24. Kd3 Nf2+ 25. Kc2 (25.
Kc4 Ng4) 25... Ne4 26. Rb7 Rf8 27. Kd3 (27. Rxc7 Rf2+ 28. Kd3 Ng5 $1) 27...
Nf2+ 28. Kc4 Ng4 29. e6 (29. Bxc5 Rf2 30. Rxc7 Nxe5+ 31. Kd5 Nc6) 29... Nxe3+
30. Kd3 Nxg2 31. exd7+ Kxd7 32. Bxc5 Rf3+ 33. Kc4 Kc6 (33... a6 34. Rg1) 34.
Rxa7 Rf4+ 35. Kd3 Re8 36. Bd4 Rf3+ 37. Kd2 Nf4 38. Kc2 Re2+ 39. Kb3 Ne6 40. Bg1
Rf8 41. Ra6+ Kb7 1/2-1/2

[Event "Bugojno"]
[Site "Bugojno"]
[Date "1978.03.07"]
[Round "9"]
[White "Tal, Mihail"]
[Black "Balashov, Yuri S"]
[Result "1/2-1/2"]
[WhiteElo "2625"]
[BlackElo "2590"]
[Annotator "Bulletin"]
[PlyCount "37"]
[EventDate "1978.02.27"]
[EventType "tourn"]
[EventRounds "15"]
[EventCountry "YUG"]
[EventCategory "14"]
[SourceTitle "MCL"]
[Source "ChessBase"]
[SourceDate "1999.07.01"]
[SourceVersion "1"]
[SourceVersionDate "1999.07.01"]
[SourceQuality "1"]

1. d4 Nf6 2. c4 e6 3. Nf3 Bb4+ 4. Nbd2 b6 5. e3 Bb7 6. Bd3 O-O 7. O-O c5 8.
dxc5 bxc5 9. Nb3 (9. b3 d5 10. Bb2 Nbd7 11. Qc2 Qe7 12. Rfd1 Rfd8 13. a3 $16 {
Petrosian-Platonov, USSR-ch 1969}) 9... d6 10. a3 Ba5 11. Nxa5 Qxa5 12. b4 Qc7
13. Bb2 Nbd7 14. Rc1 Rfd8 15. Bc3 a6 16. Qe2 h6 17. Rfd1 Be4 18. Nd2 Bb7 19.
Nf3 1/2-1/2

[Event "POL-ch 52nd"]
[Site "Warsaw"]
[Date "1995.??.??"]
[Round "4"]
[White "Kempinski, Robert"]
[Black "Grabarczyk, Miroslaw"]
[Result "1-0"]
[WhiteElo "2435"]
[BlackElo "2440"]
[Annotator "Bulletin"]
[PlyCount "77"]
[EventDate "1995.02.11"]
[EventType "tourn"]
[EventRounds "17"]
[EventCountry "POL"]
[EventCategory "8"]
[SourceTitle "EXT 1999"]
[Source "ChessBase"]
[SourceDate "1998.11.16"]
[SourceVersion "1"]
[SourceVersionDate "1998.11.16"]
[SourceQuality "1"]

1. d4 Nf6 2. c4 e6 3. Nf3 Bb4+ 4. Nbd2 b6 5. e3 Bb7 6. Bd3 c5 7. O-O O-O 8. Qe2
d5 9. dxc5 Bxc5 10. a3 dxc4 11. Bxc4 a5 12. e4 Ba6 13. Bxa6 Nxa6 14. Nc4 Qc7
15. Bg5 Rfc8 16. Bxf6 gxf6 17. Rac1 Qf4 18. g3 Qb8 19. e5 f5 20. Qd2 Bf8 21.
Qg5+ Bg7 22. Nd6 Rc7 23. Rxc7 Qxc7 24. Rc1 Qd7 25. g4 $1 h6 26. Qf4 fxg4 27.
Qxg4 Nc5 28. Rc4 $1 a4 29. Qh5 Rf8 30. Rg4 f5 31. Rg6 Kh8 32. Ng5 Nd3 33. Rxh6+
$1 Bxh6 34. Qxh6+ Kg8 35. Nxe6 Rf7 36. Nxf7 Qxf7 37. Qg5+ Kh8 38. Qh4+ Kg8 (
38... Qh7 39. Qf6+ Kg8 40. Qf8#) 39. Qd8+ 1-0

[Event "Bugojno"]
[Site "Bugojno"]
[Date "1978.03.04"]
[Round "6"]
[White "Bukic, Enver"]
[Black "Ljubojevic, Ljubomir"]
[Result "0-1"]
[WhiteElo "2500"]
[BlackElo "2605"]
[Annotator "Bulletin"]
[PlyCount "79"]
[EventDate "1978.02.27"]
[EventType "tourn"]
[EventRounds "15"]
[EventCountry "YUG"]
[EventCategory "14"]
[SourceTitle "MCL"]
[Source "ChessBase"]
[SourceDate "1999.07.01"]
[SourceVersion "1"]
[SourceVersionDate "1999.07.01"]
[SourceQuality "1"]

1. d4 Nf6 2. c4 e6 3. Nf3 b6 4. e3 Bb7 5. Bd3 c5 6. O-O Be7 7. Nc3 O-O (7...
cxd4 8. exd4 d5 9. b3 Ne4 $10) 8. d5 exd5 9. cxd5 d6 10. e4 Na6 (10... a6 11.
a4 Nbd7 12. Nd2 Re8 13. f4 Bf8 14. Qf3 $1 Rb8 15. b3 g6 16. Bb2 Nh5 17. Rae1
Bg7 18. Nc4 $16 {Moiseyev-Ilvitsky, USSR-ch 1952}) 11. Re1 Nc7 12. Rb1 Re8 13.
a3 Nd7 14. Bf4 Rc8 15. Qd2 $16 a6 16. a4 Nf8 17. b4 cxb4 18. Rxb4 Bf6 19. Ne2
Na8 20. Reb1 Rc7 21. R4b3 $1 {/\Qb4} Qd7 22. Qb4 Rc5 23. Be3 Rc7 24. Qa3 Bc8
25. h3 g6 26. Ned4 Bb7 27. a5 bxa5 (27... b5 28. Nxb5 axb5 29. Bxb5 {/\Bxe8,
Rxb7}) 28. Qxa5 Bc8 29. Qa3 Rb7 30. Bf4 Rxb3 31. Rxb3 Be5 32. Bxe5 dxe5 33. Nc6
f6 34. Bxa6 $18 Bxa6 35. Qxa6 Nc7 36. Qc4 Ra8 37. Rb7 Qd6 38. Ne7+ Qxe7 39.
Rxc7 Qd6 40. Rc6 $18 {(Abgabezug) 0-1 Zeit! Erläuterung siehe DOC-Datei.} (40.
Rc6 Qd8 (40... Qe7 41. Kh2 {/\42d6+ Qe6 43.Qxe6+ Nxe6 44.d7}) 41. d6+ Kh8 42.
Qf7 {/\Rc7}) 0-1

[Event "Sharjah FIDE GP (Women)"]
[Site "Sharjah"]
[Date "2014.08.31"]
[Round "6"]
[White "Zhao, Xue"]
[Black "Koneru, Humpy"]
[Result "1-0"]
[WhiteElo "2508"]
[BlackElo "2598"]
[Annotator "CB"]
[PlyCount "47"]
[EventDate "2014.08.25"]
[EventType "tourn"]
[EventRounds "11"]
[EventCountry "UAE"]
[EventCategory "10"]
[SourceTitle "CBM 162"]
[Source "ChessBase"]
[SourceDate "2014.09.17"]
[SourceVersion "1"]
[SourceVersionDate "2014.09.17"]
[SourceQuality "1"]

{Definitely not Humpy's best game. Her weak plan of a rook-lift was swiftly
punished by Zhao Xue. White had a winning position by move 16 and by move 24
it was all over.} 1. d4 Nf6 2. c4 e6 3. Nf3 Bb4+ 4. Nbd2 b6 5. a3 Bxd2+ 6. Qxd2
O-O 7. e3 Bb7 8. Be2 Ne4 9. Qc2 f5 10. O-O d6 11. b4 Rf6 $6 {The start of a
bad plan. Black doesn't have the development to support this kind of sortie.}
12. d5 Rg6 13. Nd4 $1 exd5 14. cxd5 Bxd5 15. f3 Ng5 16. Nxf5 $18 {White is
simply winning. Her piece coordination and pair of bishops gives her an
overwhelming position.} Nd7 17. Bc4 (17. e4 $1 $18) 17... Bxc4 18. Qxc4+ Nf7
19. f4 Qf6 $2 {Blundering an exchange.} 20. Qe4 Rd8 21. Ne7+ Kf8 22. Nxg6+ hxg6
23. Ra2 Nh6 24. Qc6 1-0

[Event "Bangkok op 12th"]
[Site "Bangkok"]
[Date "2012.04.17"]
[Round "7"]
[White "Short, Nigel D"]
[Black "Hou, Yifan"]
[Result "1-0"]
[WhiteElo "2697"]
[BlackElo "2639"]
[Annotator "CB"]
[PlyCount "89"]
[EventDate "2012.04.13"]
[EventType "swiss"]
[EventRounds "9"]
[EventCountry "THA"]
[SourceTitle "CBM 148 Extra"]
[Source "ChessBase"]
[SourceDate "2012.06.22"]
[SourceVersion "1"]
[SourceVersionDate "2012.06.22"]
[SourceQuality "1"]

1. d4 Nf6 2. Nf3 e6 3. c4 b6 4. e3 Bb7 5. Bd3 d5 6. O-O Bd6 7. b3 O-O 8. Bb2
Nbd7 9. Nc3 a6 10. Qc2 dxc4 11. bxc4 Bxf3 12. gxf3 c5 13. d5 exd5 14. cxd5 b5
15. Be2 c4 16. Ne4 Nxe4 17. fxe4 Qe7 18. f4 f6 19. Rad1 Rac8 20. Bd4 Nc5 21.
Bxc5 {Sacrificing a pawn.} Bxc5 22. Bg4 Bxe3+ 23. Kh1 {[#]Until this point the
18-year-old Chinese GM is doing fine, and she surely had thoughts of victory.
But now things go astray.} f5 $2 ({Black probably considered} 23... Rcd8 24.
Be6+ Kh8 25. Rf3 Bc5 26. Rh3 {(as proposed by Fritz) too dangerous.}) 24. Bxf5
{Did Hou plan and then abandon an exchange sacrifice?} Rcd8 25. e5 Kh8 (25...
g6 26. Bxg6 Rxf4 27. Rxf4 Bxf4 28. e6 Qf6 (28... hxg6 29. Qxg6+ Qg7 (29... Kh8
30. Rg1 {and mate in six}) 30. e7 {wins quickly for White.}) 29. Bxh7+ {
is winning for White (Fritz).}) 26. Qe4 Qc5 $2 27. Bxh7 c3 {This pawn is not
going anywhere - Black is basically lost.} 28. Bg6 c2 29. Qg2 {Very nice.} Bxf4
({If} 29... cxd1=Q 30. Qh3+ {leads to a quick mate.}) 30. Bxc2 {and Black has
nothing left to show.} Qe7 31. d6 Qe6 32. Rde1 (32. d7 {would have been
quicker.}) 32... g5 33. Rf3 g4 34. Rf2 Qh6 35. Qxg4 Bxe5 36. Rxe5 Rxf2 37. Rh5
Rxd6 38. Rxh6+ Rxh6 39. Qc8+ Kg7 40. Qc7+ Rf7 41. Qg3+ Kf8 42. h4 Rhf6 43. Bb3
Rf1+ 44. Kg2 R7f6 45. h5 {Quite a traumatic defeat for the brightest talent in
women's chess.} 1-0

[Event "World Cup"]
[Site "Khanty-Mansiysk"]
[Date "2007.12.02"]
[Round "3.5"]
[White "Ivanchuk, Vassily"]
[Black "Nisipeanu, Liviu Dieter"]
[Result "0-1"]
[WhiteElo "2787"]
[BlackElo "2668"]
[Annotator "CB"]
[PlyCount "44"]
[EventDate "2007.11.24"]
[EventType "k.o."]
[EventRounds "7"]
[EventCountry "RUS"]
[SourceTitle "CBM 122"]
[Source "ChessBase"]
[SourceDate "2008.01.30"]
[SourceVersion "1"]
[SourceVersionDate "2008.01.30"]
[SourceQuality "1"]

1. d4 Nf6 2. Nf3 e6 3. c4 Bb4+ {Having little success with the Bluemendfeld
Gambit Nisipeanu finally switches to a more classical opening.} 4. Nbd2 b6 5.
a3 Bxd2+ 6. Qxd2 Bb7 7. e3 O-O 8. Be2 d6 9. O-O Nbd7 10. b4 Ne4 11. Qc2 f5 12.
Bb2 Rf6 13. d5 Rg6 14. Rad1 e5 15. Bd3 c6 16. Bxe4 fxe4 17. Qxe4 cxd5 18. cxd5
Nf6 19. Qc4 Rc8 20. Qb3 Qd7 21. Ne1 $4 ({After} 21. Bxe5 $1 dxe5 22. Nxe5 {
all three results are possible}) 21... Ba6 22. f3 Bc4 $1 {It turns out that
White loses a whole rook.} 0-1

[Event "Buenos Aires"]
[Site "Buenos Aires"]
[Date "1980.??.??"]
[Round "?"]
[White "Karpov, Anatoly"]
[Black "Andersson, Ulf"]
[Result "1-0"]
[WhiteElo "2725"]
[BlackElo "2590"]
[Annotator "Chekhov,V"]
[PlyCount "83"]
[EventDate "1980.10.15"]
[EventType "tourn"]
[EventRounds "13"]
[EventCountry "ARG"]
[EventCategory "13"]
[SourceTitle "MCL"]
[Source "ChessBase"]
[SourceDate "1999.07.01"]
[SourceVersion "1"]
[SourceVersionDate "1999.07.01"]
[SourceQuality "1"]

1. d4 Nf6 2. c4 e6 3. Nf3 b6 4. e3 Bb7 5. Bd3 c5 6. O-O Be7 7. b3 cxd4 8. exd4
d5 9. Bb2 O-O 10. Nbd2 a6 $5 (10... Nc6 $5 11. Rc1 Re8 12. Re1 Rc8 13. a3 {
Petrosian,T-Tal,M/URS/1976/} Bf8 $5 $13) (10... Nbd7 11. Qe2 Nh5 12. Qe3 g6 13.
Ne5 $14) 11. Re1 (11. Qe2 $5) 11... Nbd7 12. Qe2 Re8 13. Rac1 dxc4 (13... Rc8
$5 14. cxd5 $140 $2 Nxd5 15. Bxa6 Bxa6 16. Qxa6 Ra8) 14. bxc4 b5 15. c5 (15.
cxb5 axb5 16. Bxb5 Rxa2) 15... Bd5 16. a4 $5 (16. Nb3 $5 Qc7 17. Bc3 {/\Ra1,
Reb1,a4/}) 16... bxa4 17. Nc4 (17. Bxa6 $6 a3 $1 18. Bc3 (18. Bxa3 Qa5) 18...
a2 $13) 17... Rb8 18. Bc3 Qc7 19. Ba5 Qa7 $6 (19... Qf4 $5 20. Qe3 Qxe3 21.
fxe3 Ne4 22. Nce5 Nxe5 23. Nxe5 {/\c6 /}) 20. Ra1 Bc6 21. Bc2 h6 22. Bxa4 Bxa4
23. Rxa4 Nd5 24. Qa2 $16 Ra8 25. Bd2 Nc7 26. Rc1 $5 (26. Ra1 $5 Bf6 $5 27. Bf4
Nb5) 26... Nb5 27. Ra1 Bf6 28. Ne3 h5 (28... e5 $6 29. c6 $1 Nb6 30. Rxa6 Qxa6
31. Qxa6 Rxa6 32. Rxa6 exd4 33. Rxb6 dxe3 34. Bxe3 $16) 29. Qc2 Qc7 30. Qc4 Nb8
31. Nc2 Qb7 32. Bg5 $1 Bxg5 33. Nxg5 Qd5 34. Qxd5 exd5 35. Nb4 $5 (35. Nf3 Nc6
$1 (35... Nc6 $1 36. Rxa6 $140 Rxa6 37. Rxa6 Nbxd4 $1) 36. Kf1 a5) (35. Ne3 $5)
35... Nxd4 36. Nxd5 Nbc6 $2 (36... Nb5 37. Nf3 Nc6 38. Rxa6 Rxa6 39. Rxa6 Ncd4
40. Kf1 $16) 37. Nc7 $18 Re5 38. Nxf7 Kxf7 39. Nxa8 a5 40. Rc4 Nb3 41. Rd1 Ke7
42. Nb6 1-0

[Event "RUS-ch"]
[Site "Elista"]
[Date "1995.??.??"]
[Round "6"]
[White "Ionov, Sergey"]
[Black "Goldin, Alexander"]
[Result "1-0"]
[WhiteElo "2525"]
[BlackElo "2585"]
[Annotator "Chekhov,V"]
[PlyCount "85"]
[EventDate "1995.10.??"]
[EventType "swiss"]
[EventRounds "11"]
[EventCountry "RUS"]
[SourceTitle "CBM 050"]
[Source "ChessBase"]
[SourceDate "1996.02.01"]
[SourceVersion "1"]
[SourceVersionDate "1996.02.01"]
[SourceQuality "1"]

1. d4 Nf6 2. c4 e6 3. Nf3 Bb4+ 4. Nbd2 b6 5. a3 Bxd2+ 6. Qxd2 Bb7 7. e3 d6 8.
Be2 O-O 9. O-O a5 (9... Nbd7 $5 10. b4 Qe7 11. Bb2 c5 12. Rfd1 Ne4 13. Qe1 Rfc8
14. Nd2 Nef6 15. Nb3 cxd4 16. exd4 Rc7 17. Bf1 $14 {Yakovich,Y-Ulibin,M/Elista
(RUS-ch)/1994/0,5/53/}) 10. b3 Ne4 (10... Nbd7 $5 11. Bb2 Qe7 12. Rad1 Rfd8 13.
Qc3 d5 14. cxd5 Bxd5 15. Bc4 c6 16. Nd2 c5 $1 $10 {Lutz,C-Lobron,E/Munich/1994/
0|1/70/}) 11. Qd3 (11. Qc2 f5 12. Bb2 Nd7 13. Rad1 Kh8 14. d5 e5 15. Nd2 Nxd2
16. Rxd2 Qh4 17. f4 Rae8 $132 {Browne,W-Weinstein,N/New York/1984/1|0/27/})
11... f5 12. Bb2 Nd7 13. Rad1 (13. Nd2 $6 e5 14. f3 Nxd2 15. Qxd2 Qe7 16. Rac1
e4 17. d5 exf3 18. Rxf3 Ne5 $132 {Miles,A-Seirawan,Y-USA/1988/0,5/30/}) 13...
Rf6 $6 (13... Qe7 $5) 14. d5 Rh6 (14... e5 15. Qc2 Rh6 16. b4 $14) 15. g3 (15.
dxe6 $6 Ndc5 16. Qc2 Nxe6 $13) 15... e5 16. Ne1 Qg5 17. f4 Qg6 18. Ng2 $16 Rh3
19. Qc2 h5 (19... Nxg3 20. hxg3 Rxg3 (20... Qxg3 21. Rf3 Qh2+ 22. Kf2 $16) 21.
Rf2 Rxe3 22. Bh5 $1 $18) 20. fxe5 dxe5 21. Bd3 Rf8 (21... Nxg3 22. Bxf5 $6 (22.
Rxf5 $1 e4 23. Bxe4 Nxe4 24. Qxe4 Re8 25. Qf4 Rhxe3 26. Rg5 $18) 22... Nxf5 23.
Qxf5 Qxf5 24. Rxf5 Re8 25. Rdf1 Re7 26. Rg5 c6 $132) 22. Bxe4 fxe4 23. Rxf8+
Kxf8 24. Rf1+ Kg8 25. Qf2 h4 (25... Nf6 26. Qf5 $18) 26. Qf5 Qxf5 27. Rxf5 hxg3
28. hxg3 g6 $6 (28... Rxg3 29. Bxe5 Nxe5 30. Rxe5 Kf7 (30... Rg4 31. Re7 $18)
31. Rxe4 $18) 29. Rg5 Rh5 30. Rxg6+ Kf7 31. Rg4 $18 Nf6 32. Rh4 Rg5 (32... Rxh4
33. gxh4 Ng4 34. a4 $18) 33. Rh8 Ne8 (33... Rxg3 34. Rb8 Ba6 35. Bxe5 $18) 34.
Kh2 Rf5 35. Kg1 Ke7 36. Nh4 Rg5 37. Bxe5 $1 Kd7 (37... Rxe5 38. Ng6+ $18) 38.
Bf4 Rg7 39. Nf5 Rf7 40. Nd4 Nf6 41. Ne6 Ne8 42. Nf8+ Ke7 43. Ng6+ 1-0

[Event "Buenos Aires"]
[Site "Buenos Aires"]
[Date "1980.??.??"]
[Round "?"]
[White "Najdorf, Miguel"]
[Black "Panno, Oscar"]
[Result "1/2-1/2"]
[WhiteElo "2510"]
[BlackElo "2540"]
[Annotator "Chekhov,V"]
[PlyCount "35"]
[EventDate "1980.10.15"]
[EventType "tourn"]
[EventRounds "13"]
[EventCountry "ARG"]
[EventCategory "13"]
[SourceTitle "MCL"]
[Source "ChessBase"]
[SourceDate "1999.07.01"]
[SourceVersion "1"]
[SourceVersionDate "1999.07.01"]
[SourceQuality "1"]

1. d4 Nf6 2. Nf3 e6 3. c4 Bb4+ 4. Nbd2 b6 5. e3 Bb7 6. Bd3 c5 (6... O-O 7. O-O
d5 8. a3 Be7 9. b4 Nbd7 10. Bb2 c6 11. Bc3 c5 12. bxc5 bxc5 13. Rb1 Rb8 14. Qc2
$14 {Yusupov,A-Ivanchuk,V/Linares/1991/0,5 (63) Inf 51/511/}) 7. dxc5 (7. a3
Bxd2+ 8. Bxd2 d6 9. Bc3 O-O 10. dxc5 $5 bxc5 11. Qc2 $14 {Yusupov,A-Salov,V/
Linares/1992/0,5 (40)}) 7... Bxc5 8. O-O O-O 9. a3 d5 (9... a5 $5 10. b3 Qe7
11. Bb2 Nc6 $13) 10. b4 Be7 11. Bb2 Nbd7 12. Qb1 (12. Qb3 Ne4 $5) (12. Qe2 $5
$14) 12... h6 13. Rd1 Rc8 14. cxd5 Nxd5 15. Nc4 Qc7 16. Qa2 Rfd8 17. Rac1 Qb8
18. Qa1 $14 1/2-1/2

[Event "Interzonal-15"]
[Site "Manila"]
[Date "1990.??.??"]
[Round "5"]
[White "Portisch, Lajos"]
[Black "Sax, Gyula"]
[Result "1/2-1/2"]
[WhiteElo "2590"]
[BlackElo "2600"]
[Annotator "ChessBase"]
[PlyCount "44"]
[EventDate "1990.06.29"]
[EventType "swiss"]
[EventRounds "13"]
[EventCountry "PHI"]
[SourceTitle "CBM 019"]
[Source "ChessBase"]
[SourceDate "1990.12.01"]
[SourceVersion "1"]
[SourceVersionDate "1990.12.01"]
[SourceQuality "1"]

1. d4 Nf6 2. c4 e6 3. Nf3 b6 4. e3 Bb7 5. Bd3 d5 6. O-O Nbd7 7. b3 Bd6 8. Bb2
O-O 9. Nc3 a6 10. Rc1 Qe7 11. Na4 Ne4 12. Qc2 f5 13. cxd5 (13. Ne5 $6) 13...
exd5 14. Ne5 g6 15. Nxd7 Qxd7 16. f3 Nf6 17. Nc5 Qc6 18. Nxb7 Qxb7 19. Qf2 Qc8
$10 20. Qe2 Re8 21. Rfe1 Re7 22. Qd2 Qf8 1/2-1/2

[Event "Montecatini Terme op"]
[Site "Montecatini Terme"]
[Date "1994.??.??"]
[Round "?"]
[White "Malaniuk, Vladimir P"]
[Black "Ciolac, Gheorghe"]
[Result "1-0"]
[WhiteElo "2610"]
[BlackElo "2390"]
[Annotator "ChessBase"]
[PlyCount "93"]
[EventDate "1994.??.??"]
[EventType "swiss"]
[EventRounds "9"]
[EventCountry "ITA"]
[SourceTitle "EXT 1999"]
[Source "ChessBase"]
[SourceDate "1998.11.16"]
[SourceVersion "1"]
[SourceVersionDate "1998.11.16"]
[SourceQuality "1"]

1. d4 Nf6 2. Nf3 e6 3. c4 d5 4. e3 Bb4+ 5. Nbd2 O-O 6. a3 Be7 7. b3 b6 8. Bd3
Bb7 9. Bb2 Nbd7 10. O-O c5 11. Re1 (11. Rc1) 11... cxd4 12. exd4 Re8 13. Nf1
Bf8 14. Ng3 dxc4 15. bxc4 g6 16. Qe2 (16. Ne5 Nxe5 17. dxe5 Nd7 18. Ne4 (18.
Be4 Nc5 19. Bxb7 Qxd1 20. Raxd1 Nxb7 21. Ne4 Red8 $11) 18... Bxe4 (18... Nc5 $2
19. Nf6+ Kh8 20. Nxe8 Nxd3 21. Nd6 $18) 19. Bxe4 Rc8 $11) 16... Bg7 (16... Qc7
{Malaniuk,V}) 17. Ne5 $1 {/\ f4} Nxe5 18. dxe5 Nd7 19. Be4 Bxe4 20. Nxe4 Qe7 (
20... Nxe5 $6 21. Rad1 Nd7 22. Bxg7 Kxg7 23. Qb2+ e5 $8 24. f4 Qc7 (24... f6
25. Nxf6 Kxf6 26. fxe5+ $18) 25. Nd6 Re6 26. fxe5 $16) (20... Bxe5 21. Bxe5
Nxe5 22. Rad1 {/\ Nd6}) 21. f4 Nc5 (21... Red8 22. a4 {/\ Ba3}) 22. Nf6+ $5
Bxf6 23. exf6 Qf8 24. h3 Red8 25. Red1 (25. Rad1 h6 26. Be5 $16) 25... h6 26.
Kh2 Rxd1 27. Rxd1 Rd8 28. Be5 Kh7 29. Qf3 Rxd1 30. Qxd1 Qa8 31. Qd4 g5 32. fxg5
hxg5 33. Qg4 Kg6 34. Bf4 Ne4 35. h4 Kxf6 36. Bxg5+ Kg6 37. Bf4+ Kh7 38. Qh5+
Kg7 39. Qh6+ Kg8 40. Be5 f6 41. Qg6+ Kf8 42. Bxf6 Qb8+ 43. g3 Qb7 44. Qh6+ Ke8
45. Qh8+ Kd7 46. Qh7+ Kc8 47. Qg8+ 1-0